000
00331nam a22001457a 4500
008
210527b ||||| |||| 00| 0 eng d
020
_a
2900521705195
041
_a
eng
080
_2
3rd
_a
316
082
_a
316
100
_a
50
101
_a
SOC
245
_a
An Introduction to Japanese Society
_c
Sugimoto,Y
942
_2
udc
_c
BK
999
_c
57684
_d
57684